L'essor des ètats d'occident
Saved in:
| Main Authors: | , |
|---|---|
| Format: | Bog |
| Sprog: | fransk |
| Udgivet: |
París
Presses Universitaires de France
1944
|
| Udgivelse: | 2a. ed |
| Serier: | Histoire Générale
|
| Fag: | |
| Tags: |
Tilføj Tag
Ingen Tags, Vær først til at tagge denne postø!
|
MARC
| LEADER | 00000nam a2200000 a 4500 | ||
|---|---|---|---|
| 001 | UCO2225 | ||
| 003 | CL-VaPUC | ||
| 008 | 000602e19440000FR |||||||||||||||||fre|d | ||
| 082 | 0 | 4 | |a 940.1 |b PET |2 21 |
| 100 | 0 | |a Petit-Dutaillis, Ch |e author |9 445182 | |
| 700 | |a Guinard, Paul |e author |9 445183 | ||
| 245 | 1 | 2 | |a L'essor des ètats d'occident |
| 250 | |a 2a. ed | ||
| 300 | |a v | ||
| 942 | |c BK | ||
| 945 | |d 20000602 00:00:00 |a rherrera | ||
| 260 | |a París |b Presses Universitaires de France |c 1944 | ||
| 650 | 0 | |a Historia de Europa |9 392003 | |
| 650 | 7 | |a ESTADOS |2 CL-VaPUC |9 357800 | |
| 650 | 0 | |a Edad media |9 258041 | |
| 650 | 7 | |a SIGLOS 11-13 |2 CL-VaPUC |9 443988 | |
| 651 | 0 | |a Francia |9 255157 | |
| 651 | 0 | |a Inglaterra |9 255158 | |
| 651 | 0 | |a Península Ibérica |9 417828 | |
| 583 | |a last modification |c 20000602 00:00:00 |k Rodrigo Vera | ||
| 490 | 0 | |a Histoire Générale | |
| 999 | |c 288764 |d 288762 | ||
| 952 | |0 0 |1 0 |4 0 |6 940_100000000000000_PET_1944 |7 0 |8 X |9 336680 |a BIBHIS |b BIBHIS |d 2019-11-20 |h v.4 p.2 |i 1283731 |o 940.1 PET 1944 |p 1283731 |r 2024-01-30 |w 2019-11-20 |y BK_X |k HIS | ||